000 00807nam a22002297a 4500
999 _c10318
_d10318
003 AR-CdUCM
008 190329b ||||| |||| 00| 0 spa d
040 _aMUNICIPALIDAD PROVINCIAL DEL CUSCO
_cBIBLIOTECA MUNICIPAL DEL CUSCO
082 _a869.508 /
_bEG32
100 _aEguren, José María
_917871
245 _aPoesías completas /
260 _aLima :
_bUniversidad Nacional Mayor de San Marcos,
_c1961.
300 _a270 páginas ;
_c17 cm.
440 _aLiteraria
_n8
_927114
505 _aContenido: Simbólicas -- La canción de las figuras -- Sombra -- Rondinelas -- Primeros poemas.
650 _aPoesías peruanas
_91481
650 _aLiteratura peruana
_9169
650 _aSiglo XX.
_98
710 _aUniversidad Nacional Mayor De San Marcos
_927115
942 _2ddc
_cLIBROS
945 _aacv